[Event "Fajr op 18th"]
[Site "Mashhad"]
[Date "2010.02.24"]
[Round "8"]
[White "Nourdadashi, Majid"]
[Black "Alavi, Sayed Javad"]
[Result "0-1"]
[WhiteElo "2087"]
[BlackElo "2431"]
[PlyCount "114"]
[EventDate "2010.02.20"]
[EventType "swiss"]
[EventRounds "11"]
[EventCountry "IRI"]
[SourceTitle "CBM 135 Extra"]
[Source "ChessBase"]
[SourceDate "2010.05.04"]
[SourceVersion "1"]
[SourceVersionDate "2010.05.04"]
[SourceQuality "1"]

1. d4 d5 2. c4 dxc4 3. Nf3 Nf6 4. e3 e6 5. Nc3 a6 6. a4 b6 7. Bxc4 Bb7 8. 0-0 Bb4 9. Qe2 0-0 10. Rd1 Nbd7 11. d5 exd5 12. Nxd5 Bxd5 13. Bxd5 Nxd5 14. Rxd5 Qe7 15. Bd2 Bd6 16. Bc3 Nf6 17. Rg5 h6 18. Rf5 Ne4 19. Be5 Rfd8 20. Qc2 Ng5 21. Nxg5 hxg5 22. Bc3 Rd7 23. Qe2 g6 24. Rf3 g4 25. Rf6 Rad8 26. Qxg4 Be5 27. Rc6 Bxc3 28. Rxc3 Qe4 29. h3 Qe5 30. Qf4 Qxf4 31. exf4 Rd1+ 32. Rxd1 Rxd1+ 33. Kh2 Rd4 34. Rxc7 Rxa4 35. Kg3 Rb4 36. Rc2 Kg7 37. Kf3 a5 38. g3 Kf6 39. Ke3 Ke6 40. Kd3 Kd5 41. Re2 Rb3+ 42. Kc2 Rf3 43. Kd2 b5 44. Kc2 a4 45. Kb1 Kd4 46. Kc2 f5 47. Kb1 b4 48. Ka2 Kd3 49. Re6 Rxf2 50. Rd6+ Ke3 51. Kb1 b3 52. Re6+ Kf3 53. Kc1 Rc2+ 54. Kd1 Rxb2 55. Rxg6 a3 56. Kc1 Rc2+ 57. Kd1 a2 0-1